<?xml version="1.0" encoding="UTF-8"?><?xml-stylesheet type="text/xsl" href="static/style.xsl"?><OAI-PMH xmlns="http://www.openarchives.org/OAI/2.0/" xmlns:xsi="http://www.w3.org/2001/XMLSchema-instance" xsi:schemaLocation="http://www.openarchives.org/OAI/2.0/ http://www.openarchives.org/OAI/2.0/OAI-PMH.xsd"><responseDate>2026-04-17T03:49:21Z</responseDate><request verb="GetRecord" identifier="oai:www.recercat.cat:2072/471961" metadataPrefix="marc">https://recercat.cat/oai/request</request><GetRecord><record><header><identifier>oai:recercat.cat:2072/471961</identifier><datestamp>2025-07-29T22:20:18Z</datestamp><setSpec>com_2072_98</setSpec><setSpec>col_2072_378192</setSpec></header><metadata><record xmlns="http://www.loc.gov/MARC21/slim" xmlns:dcterms="http://purl.org/dc/terms/" xmlns:xsi="http://www.w3.org/2001/XMLSchema-instance" xmlns:doc="http://www.lyncode.com/xoai" xsi:schemaLocation="http://www.loc.gov/MARC21/slim http://www.loc.gov/standards/marcxml/schema/MARC21slim.xsd">
   <leader>00925njm 22002777a 4500</leader>
   <datafield ind2=" " ind1=" " tag="042">
      <subfield code="a">dc</subfield>
   </datafield>
   <datafield ind2=" " ind1=" " tag="720">
      <subfield code="a">Leiva-Presa, Àngels</subfield>
      <subfield code="e">author</subfield>
   </datafield>
   <datafield ind2=" " ind1=" " tag="720">
      <subfield code="a">Benejam, Lluís</subfield>
      <subfield code="e">author</subfield>
   </datafield>
   <datafield ind2=" " ind1=" " tag="720">
      <subfield code="a">Grau-Carrión, Sergi</subfield>
      <subfield code="e">author</subfield>
   </datafield>
   <datafield ind2=" " ind1=" " tag="720">
      <subfield code="a">Badosa Salvador, Anna</subfield>
      <subfield code="e">author</subfield>
   </datafield>
   <datafield ind2=" " ind1=" " tag="720">
      <subfield code="a">López Rocafiguera, Enric</subfield>
      <subfield code="e">author</subfield>
   </datafield>
   <datafield ind2=" " ind1=" " tag="720">
      <subfield code="a">Díaz, Jose</subfield>
      <subfield code="e">author</subfield>
   </datafield>
   <datafield ind2=" " ind1=" " tag="260">
      <subfield code="c">2023</subfield>
   </datafield>
   <datafield ind2=" " ind1=" " tag="520">
      <subfield code="a">Els autors agraeixen la participació del professorat de la FCTE i el suport del programa de Projectes d'Innovació i Recerca Educativa de la UVic-UCC.</subfield>
   </datafield>
   <datafield ind2=" " ind1=" " tag="520">
      <subfield code="a">Tot i la seva àmplia aplicació, la realització de les activitats d'aprenentatge basat en projectes i en problemes (ABP) encara suposa diversos reptes. El disseny de l'activitat i els processos d'avaluació i de seguiment que comporta destaquen entre els aspectes més complexos de la metodologia. Aquest treball aporta una experiència de suport al professorat per millorar els sistemes d'avaluació i de seguiment de l'ABP en l'àmbit cientificotècnic. Per fer-ho es varen recollir les eines d'avaluació i de seguiment utilitzades a les activitats d'ABP més representatives dels diferents graus de la facultat. Les eines recollides es van integrar entre elles generant eines noves més completes (tres rúbriques i dues escales de valoració). Aquestes eines es van aplicar a activitats d'ABP, i el professorat responsable (n = 11) va valorar la seva percepció sobre la manera com funcionaven. Els resultats obtinguts indiquen que el professorat participant va percebre un millor funcionament de les eines generades comparades amb les utilitzades originàriament, destacant- ne la compleció, l'adaptabilitat i l'agilitat d'ús. L'estudi suggereix que el suport en el disseny d'eines podria revertir en la millora del procés de seguiment i avaluació de les activitats d'ABP fent-lo més àgil, objectiu, sistemàtic i eficient.</subfield>
   </datafield>
   <datafield ind2=" " ind1=" " tag="520">
      <subfield code="a">Despite being widely applied, the implementation of problem-based/project-based learning (PBL) activities still poses several challenges. Activity design and evaluation and monitoring processes stand out as the most complex aspects of the methodology. This study provides support for teachers to improve PBL assessment and monitoring systems in the scientific and technical field. To do this, the evaluation and monitoring tools used in the most representative PBL activities at different levels of higher education were collected. These were then integrated to generate new, more complete tools (three rubrics and two evaluation scales). These tools were then appli0ed to PBL activities, and the teachers involved (n=11) assessed their view of their functioning. The results indicate that the participating teachers perceived that the tools generated in this way functioned better than the ones used originally, highlighting their completeness, adaptability and ease of use. The study suggests that support in the design of tools could lead to improvements in the process of monitoring and evaluating PBL activities by making them more agile, objective, systematic and efficient.</subfield>
   </datafield>
   <datafield ind2=" " ind1=" " tag="520">
      <subfield code="a">A pesar de su amplia aplicación, las actividades de aprendizaje basado en proyectos y en problemas (ABP) todavía suponen varios retos en su realización. El diseño de la actividad y sus procesos de evaluación y seguimiento destacan entre los aspectos más complejos de la metodología. Este trabajo aporta una experiencia de apoyo al profesorado para la mejora de los sistemas de evaluación y seguimiento del ABP en el ámbito científico-técnico. Para ello se recogieron las herramientas de evaluación y seguimiento utilizadas en las actividades de ABP más representativas de los diferentes grados de la facultad. Las herramientas recogidas se integraron entre ellas generando nuevas herramientas más completas (tres rúbricas y dos escalas de valoración). Estas herramientas se aplicaron a actividades de ABP, y el profesorado responsable (n = 11) valoró su percepción sobre su funcionamiento. Los resultados obtenidos indican que el profesorado participante percibió un mejor funcionamiento de las herramientas generadas comparadas con las utilizadas originalmente, destacando su compleción, adaptabilidad y agilidad de uso. El estudio sugiere que el apoyo en el diseño de herramientas podría revertir en la mejora del proceso de seguimiento y evaluación de las actividades de ABP, haciéndolo más ágil, objetivo, sistemático y eficiente.</subfield>
   </datafield>
   <datafield tag="653" ind2=" " ind1=" ">
      <subfield code="a">Aprenentatge basat en projectes</subfield>
   </datafield>
   <datafield tag="653" ind2=" " ind1=" ">
      <subfield code="a">Aprenentatge basat en problemes</subfield>
   </datafield>
   <datafield tag="653" ind2=" " ind1=" ">
      <subfield code="a">Avaluació</subfield>
   </datafield>
   <datafield tag="653" ind2=" " ind1=" ">
      <subfield code="a">Rúbriques</subfield>
   </datafield>
   <datafield tag="653" ind2=" " ind1=" ">
      <subfield code="a">Educació superior</subfield>
   </datafield>
   <datafield tag="653" ind2=" " ind1=" ">
      <subfield code="a">Competències</subfield>
   </datafield>
   <datafield tag="653" ind2=" " ind1=" ">
      <subfield code="a">Project based learning</subfield>
   </datafield>
   <datafield tag="653" ind2=" " ind1=" ">
      <subfield code="a">Problem based learning</subfield>
   </datafield>
   <datafield tag="653" ind2=" " ind1=" ">
      <subfield code="a">Assessment</subfield>
   </datafield>
   <datafield tag="653" ind2=" " ind1=" ">
      <subfield code="a">Rubrics</subfield>
   </datafield>
   <datafield tag="653" ind2=" " ind1=" ">
      <subfield code="a">High education</subfield>
   </datafield>
   <datafield tag="653" ind2=" " ind1=" ">
      <subfield code="a">Competences</subfield>
   </datafield>
   <datafield tag="653" ind2=" " ind1=" ">
      <subfield code="a">Aprendizaje basado en proyectos</subfield>
   </datafield>
   <datafield tag="653" ind2=" " ind1=" ">
      <subfield code="a">Aprendizaje basado en problemas</subfield>
   </datafield>
   <datafield tag="653" ind2=" " ind1=" ">
      <subfield code="a">Evaluación</subfield>
   </datafield>
   <datafield tag="653" ind2=" " ind1=" ">
      <subfield code="a">Rúbricas</subfield>
   </datafield>
   <datafield tag="653" ind2=" " ind1=" ">
      <subfield code="a">Educación superior</subfield>
   </datafield>
   <datafield tag="653" ind2=" " ind1=" ">
      <subfield code="a">Competencias</subfield>
   </datafield>
   <datafield ind2="0" ind1="0" tag="245">
      <subfield code="a">Anàlisi i millora de les eines d'avaluació i de seguiment de les activitats d'aprenentatge basat en projectes i en problemes</subfield>
   </datafield>
</record></metadata></record></GetRecord></OAI-PMH>